NBA Best Offensive Teams per Year (2000 - now) - Statistics

General Stats
  • This quiz has been taken 108 times
    35 since last reset
  • The average score is 46 of 81
Answer Stats
Giannis Antetokounmpo % Correct
Anthony Edwards
100%
Draymond Green
100%
Giannis Antetokounmpo
100%
Klay Thompson
100%
Myles Turner
100%
Stephen Curry
100%
Carmelo Anthony
96%
Chris Paul
96%
Dirk Nowitzki
96%
Donovan Mitchell
96%
Steve Nash
96%
Evan Mobley
92%
Karl-Anthony Towns
92%
Khris Middleton
92%
Tyrese Haliburton
92%
Adrian Griffin
88%
Amar'e Stoudemire
88%
Blake Griffin
88%
Brook Lopez
88%
Darius Garland
88%
Domantas Sabonis
88%
Kevin Durant
88%
Chris Webber
85%
De'Aaron Fox
85%
DeAndre Jordan
85%
Jarett Allen
85%
Pascal Siakam
81%
Andrew Bogut
77%
Harrison Barnes
77%
Jrue Holiday
77%
Matt Barnes
77%
Andre Iguodala
73%
Shawn Marion
73%
Peja Stojaković
69%
Zaza Pachulia
69%
Andrew Nembhard
65%
Aaron Nesmith
62%
Vlade Divac
62%
Baron Davis
54%
Eric Bledsoe
54%
Jason Williams
54%
Joe Johnson
54%
Max Strus
54%
Monta Ellis
54%
Keegan Murray
46%
Malcolm Brogdon
46%
Chauncey Billups
42%
Jason Richardson
42%
Quentin Richardson
42%
Doug Christie
38%
Josh Howard
38%
Juwan Howard
38%
Shaquille O'Neal
38%
Donte DiVincenzo
35%
Michael Finley
35%
Boris Diaw
31%
D'Angelo Russell
31%
Kenyon Martin
31%
Kevin Huerter
31%
Stephen Jackson
31%
Ty Lawson
31%
Danilo Gallinari
27%
Kenneth Faried
27%
Nenê
27%
Raja Bell
27%
Grant Hill
23%
Wesley Matthews
23%
Channing Frye
19%
Corliss Williamson
19%
Raef LaFrentz
19%
Al Harrington
15%
Andris Biedriņš
15%
Arron Afflalo
15%
Kurt Thomas
15%
Nick Anderson
15%
Kosta Koufos
12%
Patrick Beverley
12%
Timofey Mozgov
12%
Antoine Walker
8%
Jarred Vanderbilt
8%
Jared Dudley
4%
No matching quizzes found
Score Distribution
Percent of People with Each Score
Percentile by Number Answered
Your Score History
You have not taken this quiz since the last reset